| 000 | 00607nam a2200205 i 4500 | ||
|---|---|---|---|
| 001 | 88833 | ||
| 003 | ES-MaACL | ||
| 005 | 20250730063115.0 | ||
| 007 | t| | ||
| 008 | 041222s1996 fr ||||1| fre d | ||
| 020 | _a2-7381-0330-8 | ||
| 080 | _a53:1 | ||
| 100 | 1 |
_aPrigogine, Ilya, _d1917-2003 _993958 |
|
| 245 | 1 | 3 |
_aLa fin des certitutudes _b: temps, chaos et les lois de la nature / _cIlya Prigogine. |
| 260 |
_aParis : _bOdile Jacob, _c[1996] |
||
| 300 |
_a223 p. ; _c22 cm. |
||
| 650 | 1 | 4 |
_aFísica- _xFilosofía. _912881 |
| 852 |
_aES-MaACL _jE-10684 _bR.134858 |
||
| 999 |
_c88833 _d88833 |
||